Statistics for US States with the Least Cows

Click here to take the quiz!

General Stats

  • This quiz has been taken 68 times
  • The average score is 8 of 10

Answer Stats

# of cows (as of 2015)US State% Correct
5,000Rhode Island
92%
135,000Hawaii
87%
10,000Alaska
84%
38,000Massachusetts
83%
185,000Maryland
81%
47,000Connecticut
79%
85,000Maine
78%
28,000New Jersey
73%
30,000New Hampshire
71%
17,000Delaware
59%

Score Distribution

Percentile by Number Answered

Percent of People with Each Score

Your Score History

You have not taken this quiz